Simulated cities (Record no. 641)

MARC details
000 -LEADER
fixed length control field 00823cab a2200217 4500
001 - CONTROL NUMBER
control field ABS52975
008 - FIXED-LENGTH DATA ELEMENTS--GENERAL INFORMATION
fixed length control field 090401t1995 xxu||||| |||| 00| 0 eng d
035 ## - SYSTEM CONTROL NUMBER
System control number (Sirsi) u1173
041 0# - LANGUAGE CODE
Language code of text/sound track or separate title eng
100 1# - MAIN ENTRY--PERSONAL NAME
Personal name Davidson, C.
245 00 - TITLE STATEMENT
Title Simulated cities
Remainder of title the game grows up
260 ## - PUBLICATION, DISTRIBUTION, ETC.
Date of publication, distribution, etc. 1995
350 ## - PRICE (NR) (BK AM CF MU VM SE) [OBSOLETE]
Price 0
490 #0 - SERIES STATEMENT
Series statement New Scientist
Volume/sequential designation 146(1981) 10 June 1995, 34-37(4)
520 ## - SUMMARY, ETC.
Summary, etc. Feature on the use of computers to produce simulated models for use by town planners now that improvements in technology have lead to more realistic and complex images.
520 ## - SUMMARY, ETC.
Summary, etc. This article is no longer held by the RICS Library but may be available through inter-library loan. Please ask Library staff for details.
651 #4 - SUBJECT ADDED ENTRY--GEOGRAPHIC NAME
Geographic name United Kingdom
Chronological subdivision
690 ## - LOCAL SUBJECT ADDED ENTRY--TOPICAL TERM (OCLC, RLIN)
Topical term or geographic name as entry element Planning and development
9 (RLIN) 6259
942 ## - ADDED ENTRY ELEMENTS (KOHA)
Suppress in OPAC 0
948 ## - LOCAL PROCESSING INFORMATION (OCLC); SERIES PART DESIGNATOR (RLIN)
c (OCLC) 04/03/1997
Holdings
Withdrawn status Lost status Source of classification or shelving scheme Damaged status Not for loan Home library Current library Shelving location Date acquired Total Checkouts Full call number Barcode Date last seen Copy number Price effective from Koha item type
    Dewey Decimal Classification     London London Journal article 14/09/1999   ABS52975 1173-1001 06/08/2019 1 06/08/2019 Journal article